Sonetos : la Inmaculada Concepción /

Na minha lista:
Detalhes bibliográficos
Autor principal: Elguero, José (autor)
Formato: Livro
Idioma:espanhol
Publicado em: México : Nueva Voz, 1940
Assuntos:
Tags: Adicionar Tag
Sem tags, seja o primeiro a adicionar uma tag!

MARC

LEADER 00000nam^a2200000^a^4500
001 000126655
005 20250521000000.0
009 20260310094733.54
037 |a Acervo ITESO - Biblioteca 
041 |a ESP 
082 |a 861.  |b ELG 
100 |a Elguero, José  |e (autor) 
245 1 0 |a Sonetos :  |b la Inmaculada Concepción /  |c J. Elguero. 
264 1 |a México :  |b Nueva Voz,  |c 1940 
300 |a 10 p. 
336 |a texto  |b txt  |2 rdacontenido 
337 |a sin mediación  |b n  |2 rdamedio 
338 |a volumen  |b nc  |2 rdasoporte 
649 |a XX 
650 |a Virgen María en la Literatura 
650 |a Poesía Mexicana 
650 |a Poesía Religiosa -  |z México 
650 |a Literatura Mexicana -  |y Siglo XX 
650 |a Literatura Religiosa -  |z México 
910 |a Fondo Salvador Reynoso Reynoso 
920 |a Impresos - Libros 
930 |a Fondos Especiales 
940 |a Literatura 
905 |a 112 
901 |a 0800009184  |b IT2  |c ESP  |u 20250521 
902 |a https://opac.biblio.iteso.mx/vufind/Record/000126655